| 000 | 01266cam a2200361 a 4500 | ||
|---|---|---|---|
| 999 |
_c200451875 _d70087 |
||
| 003 | TR-AnTOB | ||
| 005 | 20231214091649.0 | ||
| 007 | ta | ||
| 008 | 980305s1997 tu 001 0 tur | ||
| 020 | _a9757250317 | ||
| 040 |
_aDLC _beng _erda _cDLC _dTR-AnTOB |
||
| 041 | 0 |
_atur _aeng |
|
| 050 | 1 | 4 |
_aJZ4844.T87 _bT87559 1997 |
| 090 |
_aJZ4844.T87 _bT87559 1997 |
||
| 245 | 0 | 0 |
_aTürkiye gönüllü kuruluşlar rehberi / _cTürkiye Çevre Vakfı. |
| 246 | 3 | 1 |
_aTürkiye gönüllü kuruluşlar rehberi = _bTurkish NGOs directory. |
| 264 | 1 |
_aAnkara: _bTürkiye Çevre Vakfı, _c1997. |
|
| 300 |
_a544 pages ; _c23 cm |
||
| 336 |
_atext _btxt _2rdacontent |
||
| 337 |
_aunmediated _bn _2rdamedia |
||
| 338 |
_avolume _bnc _2rdacarrier |
||
| 490 | 0 |
_aTçv yayın no ; _v117 |
|
| 500 | _aİncludes index. | ||
| 546 | _aTurkish and English. | ||
| 650 | 7 |
_aSivil toplum örgütleri _zTürkiye _vRehberler _2 _99434 |
|
| 650 | 7 |
_aDernekler, kurumlar vb. _zTürkiye _2etuturkob _946350 |
|
| 650 | 7 |
_aSivil toplum _zTürkiye _2etuturkob _911885 |
|
| 650 | 7 |
_aÇevre politikası _zTürkiye _2etuturkob _918783 |
|
| 651 | 7 |
_aTürkiye _xEkonomik durum _2etuturkob _980633 |
|
| 710 | 2 |
_aTürkiye Çevre Vakfı _987107 |
|
| 942 |
_2lcc _cBK |
||